Công nghệ thông tin và con người

Trình bày khái niệm về thông tin, vai trò của công nghệ thông tin trong đời sống hiện đại và các ứng dụng của công nghệ thông tin

Gardado en:
Detalles Bibliográficos
Autor Principal: Hoàng, Lê Minh
Formato: Libro
Idioma:Undetermined
Publicado: Hà Nội Văn hóa Thông tin 2005
Những chủ đề:
Các nhãn: Engadir etiqueta
Sen Etiquetas, Sexa o primeiro en etiquetar este rexistro!
Thư viện lưu trữ: Trung tâm Học liệu Trường Đại học Cần Thơ
LEADER 00742nam a2200205Ia 4500
001 CTU_101342
008 210402s9999 xx 000 0 und d
020 |c 25000 
082 |a 658.84 
082 |b M312 
100 |a Hoàng, Lê Minh 
245 0 |a Công nghệ thông tin và con người 
245 0 |c Hoàng Lê Minh 
260 |a Hà Nội 
260 |b Văn hóa Thông tin 
260 |c 2005 
520 |a Trình bày khái niệm về thông tin, vai trò của công nghệ thông tin trong đời sống hiện đại và các ứng dụng của công nghệ thông tin 
650 |a Electronic commerce 
904 |i Minh 
980 |a Trung tâm Học liệu Trường Đại học Cần Thơ